[Event "ITA-chT GpA 55th"]
[Site "Vasto"]
[Date "2024.04.11"]
[Round "6.1"]
[White "Predke, Alexandr"]
[Black "Eljanov, Pavel"]
[Result "1-0"]
[WhiteElo "2673"]
[BlackElo "2706"]
[PlyCount "169"]
[EventDate "2024.04.08"]
[EventType "team-tourn"]
[EventRounds "7"]
[EventCountry "ITA"]
[SourceTitle "CB16_2024"]
[SourceDate "2024.04.17"]
[SourceVersion "1"]
[SourceVersionDate "2024.04.17"]
[SourceQuality "1"]
[WhiteTeam "Padova Obiettivo"]
[BlackTeam "Costa Smeralda"]
[WhiteTeamCountry "ITA"]
[BlackTeamCountry "ITA"]

1. e4 e5 2. Nf3 Nc6 3. Bc4 Bc5 4. 0-0 Nf6 5. d4 Bxd4 6. Nxd4 Nxd4 7. Be3 Nc6 8. f4 exf4 9. Bxf4 d6 10. Bb5 Bd7 11. Bg5 Ne5 12. Bxf6 gxf6 13. Bxd7+ Qxd7 14. Nc3 0-0-0 15. Nd5 h5 16. Qd4 Kb8 17. Nxf6 Qc6 18. c3 h4 19. h3 Rh6 20. Rf5 Qb5 21. Rd1 Rc8 22. b3 Rg6 23. Rd2 b6 24. c4 Qc6 25. Qf2 Rg3 26. Rd5 Rh8 27. Nh5 Rg6 28. Qxh4 Rhg8 29. g3 a6 30. Qf4 Kb7 31. Kh2 a5 32. a4 Rh8 33. Nf6 Rhh6 34. Kg2 Rh8 35. h4 Rgh6 36. h5 Rxf6 37. Rxf6 Rxh5 38. Rh6 Ng6 39. Rxg6 fxg6 40. Qf7 Rh8 41. Qxg6 Qd7 42. Rh5 Re8 43. Rh4 Qc6 44. Qf7 Re5 45. Rf4 Kb8 46. Kf3 Qc5 47. Rf5 Qg1 48. Qg8+ Ka7 49. Rxe5 Qd1+ 50. Kg2 dxe5 51. Qf7 Qe2+ 52. Kh3 Qxe4 53. Qxc7+ Ka6 54. Qc8+ Ka7 55. Qd7+ Kb8 56. Qd8+ Ka7 57. c5 Qh7+ 58. Kg4 Qg6+ 59. Kf3 Qc6+ 60. Ke3 Qxc5+ 61. Ke4 Qb4+ 62. Kxe5 Qxb3 63. Qd7+ Ka6 64. g4 Qc3+ 65. Kf5 Qc5+ 66. Kf6 b5 67. axb5+ Qxb5 68. Qe6+ Kb7 69. g5 Qb2+ 70. Kf7 Qf2+ 71. Ke8 Qg3 72. g6 a4 73. Qe7+ Kb6 74. g7 Qg6+ 75. Kd8 Qd3+ 76. Qd7 Qc4 77. Qd6+ Kb7 78. Qe7+ Kb6 79. Qf6+ Ka7 80. Qe7+ Kb6 81. Qe3+ Ka6 82. Ke7 Qc7+ 83. Kf6 Qd8+ 84. Qe7 Qd4+ 85. Kf7 1-0

[Event "ITA-chT GpA 55th"]
[Site "Vasto"]
[Date "2024.04.08"]
[Round "1.1"]
[White "Jianu, Vlad Cristian"]
[Black "Predke, Alexandr"]
[Result "0-1"]
[WhiteElo "2491"]
[BlackElo "2673"]
[PlyCount "80"]
[EventDate "2024.04.08"]
[EventType "team-tourn"]
[EventRounds "7"]
[EventCountry "ITA"]
[SourceTitle "CB16_2024"]
[SourceDate "2024.04.17"]
[SourceVersion "1"]
[SourceVersionDate "2024.04.17"]
[SourceQuality "1"]
[WhiteTeam "Torino"]
[BlackTeam "Padova Obiettivo"]
[WhiteTeamCountry "ITA"]
[BlackTeamCountry "ITA"]

1. Nf3 Nf6 2. c4 d6 3. d4 Bg4 4. Nc3 Nbd7 5. e3 e6 6. h3 Bh5 7. Be2 c6 8. e4 Bg6 9. Bd3 e5 10. Be3 Be7 11. 0-0 0-0 12. Re1 a6 13. Rc1 b5 14. cxb5 axb5 15. a3 Qb8 16. Nh4 b4 17. Nxg6 hxg6 18. axb4 Qxb4 19. Ne2 Rfc8 20. Qd2 Rab8 21. Rc2 c5 22. Qxb4 Rxb4 23. Bd2 Rbb8 24. dxc5 Nxc5 25. Nc1 Bd8 26. Kf1 Rc7 27. Bc3 Na4 28. f3 Rcb7 29. Bc4 Nxb2 30. Bb3 Rc8 31. Ree2 Nd3 32. Bxf7+ Kxf7 33. Nxd3 Rbc7 34. Re3 Nh5 35. Nb4 Bg5 36. f4 exf4 37. Rd3 Ng3+ 38. Ke1 Nxe4 39. Nd5 Rc5 40. Kf1 Bf6 0-1

[Event "Catalunya-chT Gp2"]
[Site "Barcelona"]
[Date "2024.02.24"]
[Round "6.1"]
[White "Castillo Dalmau, Albert"]
[Black "Predke, Alexandr"]
[Result "0-1"]
[WhiteElo "2313"]
[BlackElo "2668"]
[PlyCount "90"]
[EventDate "2024.01.20"]
[EventType "team-tourn"]
[EventRounds "7"]
[EventCountry "ESP"]
[SourceTitle "CB11_2024"]
[SourceDate "2024.03.13"]
[SourceVersion "1"]
[SourceVersionDate "2024.03.13"]
[SourceQuality "1"]
[WhiteTeam "Vila Olimpica"]
[BlackTeam "Platja D'Aro"]
[WhiteTeamCountry "ESP"]
[BlackTeamCountry "ESP"]

1. Nf3 Nf6 2. c4 b6 3. g3 Bb7 4. Bg2 c5 5. 0-0 g6 6. b3 Bg7 7. Bb2 0-0 8. Nc3 Na6 9. Rc1 e6 10. e3 d5 11. cxd5 exd5 12. d4 Re8 13. Re1 Qe7 14. Re2 Rad8 15. Na4 c4 16. Nc3 Nb4 17. Ba3 a5 18. Rb2 Ng4 19. Qd2 Qf6 20. Ne1 Bc8 21. bxc4 dxc4 22. Bxb4 axb4 23. Rxb4 Bh6 24. Ne4 Rxe4 25. Bxe4 Rxd4 26. Qb2 Rxe4 27. Qxf6 Nxf6 28. Rcxc4 Rxc4 29. Rxc4 Be6 30. Rb4 Nd7 31. a4 Bg7 32. Nf3 Bc3 33. Rb1 Ba5 34. Nd4 Bd5 35. Nb3 Bc3 36. Kf1 Kf8 37. Ke2 Ke7 38. Kd3 Bb4 39. Nd4 Nc5+ 40. Ke2 Ba5 41. Ra1 Bc3 42. Rd1 Nxa4 43. Nf5+ Ke6 44. Nd4+ Kd6 45. f3 Kc5 0-1

[Event "Chessable Play In Match D3"]
[Site "Chess.com INT"]
[Date "2024.02.01"]
[Round "1.3"]
[White "Predke, Alexandr"]
[Black "Svane, Rasmus"]
[Result "1/2-1/2"]
[WhiteElo "2666"]
[BlackElo "2632"]
[PlyCount "109"]
[EventDate "2024.02.01"]
[EventType "k.o. (rapid)"]
[EventRounds "1"]
[EventCountry "USA"]
[SourceTitle "CB06_2024"]
[SourceDate "2024.02.07"]
[SourceVersion "1"]
[SourceVersionDate "2024.02.07"]
[SourceQuality "1"]

1. e4 e5 2. Nf3 Nc6 3. Bb5 Nf6 4. d3 Bc5 5. Nbd2 Nd4 6. Nxd4 Bxd4 7. Ba4 c6 8. 0-0 d6 9. c3 Bb6 10. Nc4 Bc7 11. Bc2 Be6 12. Ne3 d5 13. Qf3 0-0 14. Nf5 Bxf5 15. Qxf5 Qd7 16. Qf3 dxe4 17. dxe4 Qg4 18. Qxg4 Nxg4 19. a4 a5 20. h3 Nf6 21. Be3 Rfd8 22. Rfd1 Rxd1+ 23. Rxd1 Rd8 24. Rxd8+ Bxd8 25. Kf1 Nd7 26. Ke2 Kf8 27. g3 h5 28. h4 Be7 29. Bd2 Nc5 30. f3 Ke8 31. Be1 Ne6 32. Bb3 Nc5 33. Bd1 Ne6 34. b4 axb4 35. cxb4 b5 36. Ke3 Nc7 37. axb5 cxb5 38. Be2 Kd7 39. f4 exf4+ 40. gxf4 g6 41. f5 gxf5 42. exf5 Bxb4 43. Bxb4 Nd5+ 44. Kd4 Nxb4 45. Ke5 Nc6+ 46. Kf6 Nd4 47. Bxh5 Ke8 48. Bxf7+ Kf8 49. Bd5 Nxf5 50. Kxf5 Kg7 51. Kg5 b4 52. Bb3 Kh8 53. h5 Kg7 54. h6+ Kh8 55. Kg6 1/2-1/2

[Event "Catalunya-chT Gp2"]
[Site "Barcelona"]
[Date "2024.01.27"]
[Round "2.1"]
[White "Predke, Alexandr"]
[Black "Ayats Llobera, Quim"]
[Result "1-0"]
[WhiteElo "2668"]
[BlackElo "1296"]
[PlyCount "135"]
[EventDate "2024.01.20"]
[EventType "team-tourn"]
[EventRounds "7"]
[EventCountry "ESP"]
[SourceTitle "CB06_2024"]
[SourceDate "2024.02.07"]
[SourceVersion "1"]
[SourceVersionDate "2024.02.07"]
[SourceQuality "1"]
[WhiteTeam "Platja D'Aro"]
[BlackTeam "Barcelona Escacs CC"]
[WhiteTeamCountry "ESP"]
[BlackTeamCountry "ESP"]

1. e4 e6 2. d4 d5 3. Nc3 Bb4 4. e5 c5 5. Bd2 cxd4 6. Nb5 Bxd2+ 7. Qxd2 Nc6 8. f4 Nge7 9. Nd6+ Kf8 10. Bd3 Qb6 11. Nf3 Qxb2 12. 0-0 Qc3 13. Qe2 Nf5 14. Ng5 Nxd6 15. exd6 g6 16. f5 exf5 17. g4 h6 18. Nxf7 Kxf7 19. gxf5 Bxf5 20. Bxf5 Qe3+ 21. Qxe3 dxe3 22. Bc8+ Kg7 23. Bxb7 e2 24. Rfc1 Nd4 25. Bxa8 Nf3+ 26. Kf2 e1Q+ 27. Rxe1 Nxe1 28. Bxd5 Nxc2 29. Rc1 Nb4 30. Rc7+ Kf6 31. Bc4 Rd8 32. d7 a5 33. a3 Nc2 34. Bd3 Nd4 35. Ra7 Ne6 36. Bb5 Nc5 37. Ke3 Ke6 38. Rxa5 Nxd7 39. Ra6+ Ke5 40. Rxg6 Nf6 41. a4 Rd1 42. Rxh6 Ra1 43. Kd3 Nd5 44. Rh5+ Kd6 45. Rh8 Nb6 46. Rh6+ Kc7 47. Rh4 Ra3+ 48. Kc2 Nd5 49. Kb2 Re3 50. Rh6 Nb4 51. h4 Rg3 52. a5 Kb7 53. Rh7+ Kb8 54. Rh8+ Ka7 55. Rh6 Re3 56. Bc4 Rh3 57. h5 Nd3+ 58. Kc2 Nb4+ 59. Kd2 Ra3 60. a6 Rh3 61. Rh7+ Ka8 62. h6 Rh5 63. Be2 Rh3 64. Rf7 Rxh6 65. Bf3+ Nc6 66. Rc7 Kb8 67. Rxc6 Rh2+ 68. Be2 1-0

[Event "Wch Blitz"]
[Site "Samarkand"]
[Date "2023.12.30"]
[Round "19"]
[White "Predke, Alexandr"]
[Black "Ter Sahakyan, Samvel"]
[Result "1/2-1/2"]
[WhiteElo "2689"]
[BlackElo "2643"]
[PlyCount "107"]
[EventDate "2023.12.29"]
[EventType "swiss (blitz)"]
[EventRounds "21"]
[EventCountry "UZB"]
[SourceTitle "CB01_2024"]
[SourceDate "2024.01.03"]
[SourceVersion "1"]
[SourceVersionDate "2024.01.03"]
[SourceQuality "1"]

1. d4 Nf6 2. c4 e6 3. Nf3 d5 4. Bg5 dxc4 5. Nc3 a6 6. e3 b5 7. a4 c6 8. Bxf6 gxf6 9. g3 Bb7 10. Bg2 Nd7 11. 0-0 Bg7 12. Nd2 Rb8 13. b3 cxb3 14. Nxb3 0-0 15. axb5 axb5 16. Ne4 f5 17. Nec5 Nxc5 18. Nxc5 Bc8 19. Bxc6 Qd6 20. Bg2 e5 21. Nb3 Be6 22. d5 Bd7 23. Ra7 Rfc8 24. Qb1 b4 25. Rd1 Rc3 26. Bf1 f4 27. Ra6 Rb6 28. Ra8+ Rb8 29. Rxb8+ Qxb8 30. exf4 exf4 31. Qa2 h5 32. d6 fxg3 33. hxg3 h4 34. gxh4 Qd8 35. Rd3 Be6 36. Qa5 Qxa5 37. Nxa5 Rxd3 38. Bxd3 Be5 39. Bc4 Bxd6 40. Bxe6 fxe6 41. Kg2 Kg7 42. Kf3 Kg6 43. Kg4 Bc5 44. f4 Bb6 45. Nb3 Kf6 46. h5 Be3 47. Kf3 Bb6 48. Ke4 Ba7 49. Nd2 Bb6 50. Nb3 Ba7 51. Na5 Bb6 52. Nc4 Bc7 53. Nd2 Bb6 54. Nb3 1/2-1/2

[Event "Wch Blitz"]
[Site "Samarkand"]
[Date "2023.12.29"]
[Round "10"]
[White "Aditya, Mittal"]
[Black "Predke, Alexandr"]
[Result "1/2-1/2"]
[WhiteElo "2595"]
[BlackElo "2689"]
[PlyCount "109"]
[EventDate "2023.12.29"]
[EventType "swiss (blitz)"]
[EventRounds "21"]
[EventCountry "UZB"]
[SourceTitle "CB01_2024"]
[SourceDate "2024.01.03"]
[SourceVersion "1"]
[SourceVersionDate "2024.01.03"]
[SourceQuality "1"]

1. e4 c5 2. Nf3 Nc6 3. c3 d5 4. exd5 Qxd5 5. d4 Bg4 6. Be2 cxd4 7. cxd4 e6 8. Nc3 Qa5 9. h3 Bxf3 10. Bxf3 Nf6 11. 0-0 Rd8 12. Be3 Be7 13. Qb3 Qb4 14. Qxb4 Bxb4 15. Rfd1 a6 16. Rac1 0-0 17. a3 Be7 18. Bxc6 bxc6 19. Na4 Rc8 20. Nb6 Rc7 21. Bf4 Rb7 22. Rxc6 Bd8 23. Nc4 Rb3 24. Bd6 Re8 25. Rc8 a5 26. Bc5 h5 27. Nd6 Rf8 28. Nxf7 Rxf7 29. Rxd8+ Kh7 30. Rd2 Rfb7 31. Rd6 Ne4 32. Re2 Nxd6 33. Bxd6 Rxb2 34. Re5 R2b5 35. Bc5 Rb1+ 36. Kh2 Rf7 37. f3 Rf5 38. Rxe6 Rb2 39. h4 Rf7 40. Re5 g6 41. Kg3 Rc2 42. Re6 Rb7 43. Kh3 Rbb2 44. Re7+ Kg8 45. g4 Rb3 46. Kg3 Rcc3 47. Kf4 Rxf3+ 48. Kg5 hxg4 49. Kxg6 Rb8 50. Rg7+ Kh8 51. Rh7+ Kg8 52. Rg7+ Kh8 53. Rh7+ Kg8 54. Rg7+ Kh8 55. Rh7+ 1/2-1/2

[Event "Wch Blitz"]
[Site "Samarkand"]
[Date "2023.12.29"]
[Round "4"]
[White "Praggnanandhaa, Rameshbabu"]
[Black "Predke, Alexandr"]
[Result "1-0"]
[WhiteElo "2740"]
[BlackElo "2689"]
[PlyCount "77"]
[EventDate "2023.12.29"]
[EventType "swiss (blitz)"]
[EventRounds "21"]
[EventCountry "UZB"]
[SourceTitle "CB01_2024"]
[SourceDate "2024.01.03"]
[SourceVersion "1"]
[SourceVersionDate "2024.01.03"]
[SourceQuality "1"]

1. Nf3 c5 2. e4 Nc6 3. Bb5 e5 4. 0-0 Be7 5. Nc3 d6 6. d3 Nf6 7. a3 0-0 8. Bc4 Be6 9. Nd5 a6 10. a4 Bxd5 11. Bxd5 Nxd5 12. exd5 Nb8 13. a5 Nd7 14. Bd2 f5 15. c4 e4 16. dxe4 fxe4 17. Ne1 Bf6 18. Rb1 Qe8 19. b4 Qg6 20. bxc5 Nxc5 21. Be3 Rac8 22. Qe2 Be5 23. g3 Nd3 24. Rxb7 Rxc4 25. Ng2 Rfc8 26. Nh4 Qf6 27. Qg4 Rf8 28. Bg5 Nxf2 29. Bxf6 Nxg4 30. Rxg7+ Kh8 31. Rf7+ Bxf6 32. Rxf8+ Kg7 33. Ra8 Bd4+ 34. Kh1 e3 35. Nf5+ Kg6 36. Rg8+ Kh5 37. h3 Nf2+ 38. Rxf2 Rc1+ 39. Kg2 1-0

[Event "Wch Blitz"]
[Site "Samarkand"]
[Date "2023.12.29"]
[Round "11"]
[White "Predke, Alexandr"]
[Black "Kuzubov, Yuriy"]
[Result "1-0"]
[WhiteElo "2689"]
[BlackElo "2613"]
[PlyCount "83"]
[EventDate "2023.12.29"]
[EventType "swiss (blitz)"]
[EventRounds "21"]
[EventCountry "UZB"]
[SourceTitle "CB01_2024"]
[SourceDate "2024.01.03"]
[SourceVersion "1"]
[SourceVersionDate "2024.01.03"]
[SourceQuality "1"]

1. d4 Nf6 2. c4 e6 3. Nf3 d5 4. Nc3 Nbd7 5. cxd5 exd5 6. Bg5 c6 7. e3 h6 8. Bf4 Nh5 9. Be5 Be7 10. Bd3 Nhf6 11. 0-0 0-0 12. Rc1 Re8 13. Bb1 Bf8 14. h3 Nxe5 15. Nxe5 c5 16. f4 cxd4 17. exd4 Qb6 18. Qd3 g6 19. Qd2 Bb4 20. Kh1 Ne4 21. Bxe4 dxe4 22. f5 gxf5 23. Qe3 Bf8 24. Nd5 Qd6 25. Nc7 Be6 26. Nxa8 Rxa8 27. a3 Bg7 28. Rfd1 Rd8 29. Qf2 Qe7 30. Nc4 Qg5 31. Ne3 f4 32. Ng4 h5 33. Ne5 Bxe5 34. dxe5 Rxd1+ 35. Rxd1 e3 36. Qf3 Qxe5 37. Qxb7 Bf5 38. Rd5 Qe6 39. Qb8+ Kh7 40. Qe5 Be4 41. Qxh5+ Kg7 42. Re5 1-0

[Event "Wch Rapid"]
[Site "Samarkand"]
[Date "2023.12.28"]
[Round "11"]
[White "Predke, Alexandr"]
[Black "Rapport, Richard"]
[Result "1/2-1/2"]
[WhiteElo "2689"]
[BlackElo "2731"]
[PlyCount "50"]
[EventDate "2023.12.26"]
[EventType "swiss (rapid)"]
[EventRounds "13"]
[EventCountry "UZB"]
[SourceTitle "CB01_2024"]
[SourceDate "2024.01.03"]
[SourceVersion "1"]
[SourceVersionDate "2024.01.03"]
[SourceQuality "1"]

1. d4 Nf6 2. c4 g6 3. Nc3 Bg7 4. e4 d6 5. Nf3 0-0 6. Be3 e5 7. dxe5 dxe5 8. Qc2 Nbd7 9. Rd1 Ng4 10. Bg5 f6 11. Bc1 c6 12. h3 Nh6 13. b4 Qe7 14. c5 Nf7 15. Be2 f5 16. 0-0 Nf6 17. Rfe1 Kh8 18. Bc4 fxe4 19. Ng5 Nxg5 20. Bxg5 Qc7 21. Bxf6 Bxf6 22. Nxe4 Bf5 23. Bd3 Bxe4 24. Bxe4 Rad8 25. Rxd8 Rxd8 1/2-1/2

[Event "Wch Rapid"]
[Site "Samarkand"]
[Date "2023.12.26"]
[Round "1"]
[White "Predke, Alexandr"]
[Black "Abdisalimov, Abdimalik"]
[Result "0-1"]
[WhiteElo "2689"]
[BlackElo "2496"]
[PlyCount "134"]
[EventDate "2023.12.26"]
[EventType "swiss (rapid)"]
[EventRounds "13"]
[EventCountry "UZB"]
[SourceTitle "CB01_2024"]
[SourceDate "2024.01.03"]
[SourceVersion "1"]
[SourceVersionDate "2024.01.03"]
[SourceQuality "1"]

1. d4 Nf6 2. Nf3 e6 3. Bf4 d5 4. e3 c5 5. Nbd2 Nc6 6. Bb5 Bd7 7. 0-0 Rc8 8. c3 Be7 9. h3 0-0 10. a4 Qb6 11. Qb1 Rfd8 12. Re1 h6 13. Nb3 cxd4 14. exd4 a6 15. Bxc6 bxc6 16. Nfd2 Ne4 17. a5 Qb5 18. Nxe4 Qxb3 19. Nc5 Bxc5 20. dxc5 Qc4 21. Bd6 f6 22. Qc2 Qh4 23. Ra4 Qh5 24. Qd3 Ra8 25. Rb4 e5 26. Re3 Bf5 27. Qd2 Qg5 28. Qe1 Qg6 29. Rb6 Qe8 30. Qe2 Bc8 31. Kh2 Ra7 32. Qc2 Rf7 33. Qa4 Bb7 34. Qb4 Rdd7 35. f4 e4 36. f5 Qc8 37. g4 Kh7 38. Bf4 Qd8 39. Qd4 Qe8 40. Kg3 Rde7 41. Kf2 Bc8 42. Ke1 Rb7 43. Kd2 Rf8 44. Kc2 Qd7 45. Qa4 Rxb6 46. axb6 Re8 47. Kb3 a5 48. Bd6 Ba6 49. Qxa5 Ra8 50. Qb4 Qb7 51. Kc2 Bd3+ 52. Kd2 Ra1 53. Re1 Ra2 54. Ke3 Bb5 55. h4 Qf7 56. Kf4 Ra4 57. Qb3 e3+ 58. Kf3 Re4 59. Rxe3 Rxe3+ 60. Kxe3 d4+ 61. Kxd4 Qxb3 62. b7 Qc4+ 63. Ke3 Qe2+ 64. Kf4 Bd3 65. Kg3 Qe1+ 66. Kf3 Qf1+ 67. Kg3 Be4 0-1

[Event "Chennai"]
[Site "Chennai"]
[Date "2023.12.20"]
[Round "6"]
[White "Aronian, Levon"]
[Black "Predke, Alexandr"]
[Result "1/2-1/2"]
[WhiteElo "2723"]
[BlackElo "2689"]
[PlyCount "63"]
[EventDate "2023.12.15"]
[EventType "tourn"]
[EventRounds "7"]
[EventCountry "IND"]
[EventCategory "19"]
[SourceTitle "CB52_2023"]
[SourceDate "2023.12.27"]
[SourceVersion "1"]
[SourceVersionDate "2023.12.27"]
[SourceQuality "1"]

1. e4 c5 2. Nf3 Nc6 3. Bb5 e6 4. 0-0 Nge7 5. d4 cxd4 6. Nxd4 Ng6 7. Be3 Be7 8. c3 0-0 9. Nd2 Bg5 10. Bxg5 Qxg5 11. N2f3 Qc5 12. a4 b6 13. Re1 Bb7 14. Bf1 a6 15. Qd2 Nce7 16. Rad1 Rad8 17. Nb3 Qc8 18. Qd6 f5 19. Nfd2 fxe4 20. Nxe4 Bc6 21. Nd4 Nf5 22. Nxf5 Rxf5 23. Qg3 Qb8 24. Qxb8 Rxb8 25. Nd6 Ra5 26. b3 b5 27. axb5 axb5 28. Rd4 Ne7 29. h4 Ra3 30. c4 bxc4 31. Bxc4 Nd5 32. f3 1/2-1/2

[Event "Chennai"]
[Site "Chennai"]
[Date "2023.12.17"]
[Round "3"]
[White "Erigaisi, Arjun Kumar"]
[Black "Predke, Alexandr"]
[Result "1-0"]
[WhiteElo "2727"]
[BlackElo "2689"]
[PlyCount "141"]
[EventDate "2023.12.15"]
[EventType "tourn"]
[EventRounds "7"]
[EventCountry "IND"]
[EventCategory "19"]
[SourceTitle "CB52_2023"]
[SourceDate "2023.12.27"]
[SourceVersion "1"]
[SourceVersionDate "2023.12.27"]
[SourceQuality "1"]

1. e4 c5 2. Nf3 Nc6 3. d4 cxd4 4. Nxd4 Nf6 5. Nc3 e5 6. Ndb5 d6 7. Nd5 Nxd5 8. exd5 Ne7 9. c3 Nf5 10. a4 Be7 11. Bd3 0-0 12. 0-0 Nh4 13. f4 a6 14. Na3 exf4 15. Bxf4 Ng6 16. Bxg6 hxg6 17. Nc4 Qc7 18. b3 b6 19. Be3 Rb8 20. Bd4 Bg5 21. Nd2 Re8 22. c4 Be3+ 23. Bxe3 Rxe3 24. Re1 Qc5 25. Kh1 Bf5 26. Nf3 Bg4 27. Rxe3 Qxe3 28. Qd4 Qxd4 29. Nxd4 Bd7 30. a5 b5 31. cxb5 Bxb5 32. Kg1 Bd3 33. Ra4 Re8 34. Rb4 Re1+ 35. Kf2 Re5 36. Nc6 Re2+ 37. Kf3 Ra2 38. Rb8+ Kh7 39. Rd8 f5 40. Rxd6 Be4+ 41. Kf4 Rxg2 42. Rd8 g5+ 43. Ke5 Rxh2 44. Nd4 Ra2 45. b4 g4 46. d6 g3 47. d7 g2 48. Rh8+ Kxh8 49. d8Q+ Kh7 50. Qg5 Ra1 51. Ne2 Rb1 52. Ke6 Rxb4 53. Qh4+ Kg8 54. Qd8+ Kh7 55. Kf7 Rb7+ 56. Kf8 f4 57. Qh4+ Kg6 58. Nxf4+ Kf5 59. Nxg2 g5 60. Ne3+ Kf6 61. Qh6+ Ke5 62. Qxg5+ Kd4 63. Qf4 Rb5 64. Ke7 Kd3 65. Ng4 Bd5 66. Ne5+ Kc3 67. Qe3+ Kb4 68. Kd6 Rxa5 69. Nd3+ Kc4 70. Nb2+ Kb4 71. Qd2+ 1-0

[Event "EU-chT 24th"]
[Site "Budva"]
[Date "2023.11.18"]
[Round "7.1"]
[White "Rapport, Richard"]
[Black "Predke, Alexandr"]
[Result "1/2-1/2"]
[WhiteElo "2748"]
[BlackElo "2661"]
[PlyCount "61"]
[EventDate "2023.11.11"]
[EventType "team-swiss"]
[EventRounds "9"]
[EventCountry "MNE"]
[SourceTitle "CB47_2023"]
[SourceDate "2023.11.22"]
[SourceVersion "1"]
[SourceVersionDate "2023.11.22"]
[SourceQuality "1"]
[WhiteTeam "Romania"]
[BlackTeam "Serbia"]
[WhiteTeamCountry "ROU"]
[BlackTeamCountry "SRB"]

1. g3 c5 2. Bg2 Nc6 3. c4 g6 4. Nc3 Bg7 5. Nf3 e6 6. d4 cxd4 7. Nb5 d5 8. cxd5 exd5 9. 0-0 Nf6 10. Nbxd4 0-0 11. b3 Nxd4 12. Nxd4 Ne4 13. Bb2 Bd7 14. e3 h5 15. Qe2 h4 16. Rac1 hxg3 17. hxg3 Qa5 18. Rfd1 Rac8 19. a3 Qb6 20. b4 Rfe8 21. Rxc8 Rxc8 22. Rc1 Rxc1+ 23. Bxc1 Bxd4 24. exd4 Qe6 25. Qe3 Bc6 26. Qf4 a6 27. Be3 g5 28. Qb8+ Qe8 29. Qxe8+ Bxe8 30. Bxe4 dxe4 31. Bxg5 1/2-1/2

[Event "EU-chT 24th"]
[Site "Budva"]
[Date "2023.11.17"]
[Round "6.1"]
[White "Predke, Alexandr"]
[Black "Martirosyan, Haik M"]
[Result "1-0"]
[WhiteElo "2661"]
[BlackElo "2708"]
[PlyCount "99"]
[EventDate "2023.11.11"]
[EventType "team-swiss"]
[EventRounds "9"]
[EventCountry "MNE"]
[SourceTitle "CB47_2023"]
[SourceDate "2023.11.22"]
[SourceVersion "1"]
[SourceVersionDate "2023.11.22"]
[SourceQuality "1"]
[WhiteTeam "Serbia"]
[BlackTeam "Armenia"]
[WhiteTeamCountry "SRB"]
[BlackTeamCountry "ARM"]

1. d4 Nf6 2. c4 e6 3. Nf3 d5 4. Nc3 Nbd7 5. cxd5 exd5 6. Bg5 Bb4 7. e3 h6 8. Bh4 g5 9. Bg3 Ne4 10. Qc2 h5 11. h4 Nxg3 12. fxg3 gxh4 13. gxh4 Qe7 14. Bd3 Nf6 15. 0-0 c6 16. e4 Bxc3 17. bxc3 Nxe4 18. Bxe4 dxe4 19. Ng5 f5 20. Qb3 b6 21. a4 Rf8 22. a5 b5 23. a6 Qd6 24. c4 Be6 25. d5 cxd5 26. cxd5 Bxd5 27. Qxb5+ Qc6 28. Qe2 Ke7 29. Rab1 Rab8 30. Qe3 Rb6 31. Qd4 Qd6 32. Rbd1 Bf7 33. Qe3 Bd5 34. Qc3 Rf6 35. Qa5 Rxa6 36. Qxd5 Qxd5 37. Rxd5 Ra3 38. Rdxf5 Rxf5 39. Rxf5 e3 40. Nf3 a5 41. Rxh5 a4 42. Re5+ Kf6 43. h5 Rc3 44. h6 a3 45. h7 Kg7 46. Re7+ Kh8 47. Ne5 Rc1+ 48. Kh2 Rc6 49. Nxc6 a2 50. Ne5 1-0

[Event "EU-chT 24th"]
[Site "Budva"]
[Date "2023.11.12"]
[Round "2.9"]
[White "Vocaturo, Daniele"]
[Black "Predke, Alexandr"]
[Result "1/2-1/2"]
[WhiteElo "2632"]
[BlackElo "2661"]
[PlyCount "256"]
[EventDate "2023.11.11"]
[EventType "team-swiss"]
[EventRounds "9"]
[EventCountry "MNE"]
[SourceTitle "CB47_2023"]
[SourceDate "2023.11.22"]
[SourceVersion "1"]
[SourceVersionDate "2023.11.22"]
[SourceQuality "1"]
[WhiteTeam "Italy"]
[BlackTeam "Serbia"]
[WhiteTeamCountry "ITA"]
[BlackTeamCountry "SRB"]

1. e4 c5 2. Nf3 Nc6 3. Bb5 e6 4. Bxc6 bxc6 5. d3 Qc7 6. e5 f6 7. Bf4 Ne7 8. 0-0 fxe5 9. Bxe5 d6 10. Bg3 g6 11. d4 cxd4 12. Qxd4 e5 13. Qc4 Nd5 14. Nc3 Nb6 15. Qb3 Ba6 16. Rfe1 Bc4 17. Qa3 Be7 18. b3 Bd5 19. Nxd5 cxd5 20. c4 0-0 21. cxd5 Nxd5 22. Rac1 Qb7 23. Qa4 Nf4 24. Qc4+ d5 25. Qc7 Qxc7 26. Rxc7 Bb4 27. Bxf4 Rxf4 28. Rd1 e4 29. Nd4 Ba5 30. Rg7+ Kh8 31. Rd7 Bb6 32. Rxd5 Raf8 33. Ne6 Rxf2 34. Nxf8 Rxf8+ 35. Kh1 e3 36. Re5 Rf2 37. Re1 Kg7 38. h4 Rxa2 39. Re4 Rb2 40. b4 Rd2 41. Kh2 h5 42. Kh3 Rd3 43. g3 Rd2 44. Rf1 Rf2 45. Rc1 Kf7 46. Rd1 Rd2 47. Re1 Rc2 48. Rf1+ Rf2 49. Rc1 Rf6 50. Rc8 Re6 51. Rf8+ Kxf8 52. Rxe6 Kf7 53. Re4 Kf6 54. Kg2 Kf5 55. Kf3 Kf6 56. Kf4 Bc7+ 57. Kf3 Bb6 58. Ke2 Kf5 59. Kf3 Kf6 60. Re8 Kf7 61. Re5 Kf6 62. Re4 Kf5 63. Re8 Kf6 64. Rf8+ Ke7 65. Rf4 Ke6 66. Ke2 Ke5 67. Kd3 Ke6 68. Rf3 Ke5 69. Rf1 Bd4 70. Rc1 Bb6 71. Rc6 Kf5 72. Ke2 Bd4 73. Kf3 Bb6 74. Rd6 Bc7 75. Rd5+ Kf6 76. Ke2 Bb6 77. Rd6+ Kg7 78. Kf3 Kf7 79. Rc6 Bd4 80. Rc2 Bb6 81. Ke4 Ke6 82. b5 Kf6 83. Rc6+ Kf7 84. Kd5 Ba5 85. Re6 Bb6 86. Re5 Kf6 87. Re4 Kf7 88. Kd6 Kf6 89. Rf4+ Kg7 90. Ke6 Ba5 91. Re4 Bb6 92. Ke5 Bc7+ 93. Kd5 Bb6 94. Ke6 Bc5 95. g4 hxg4 96. Rxg4 Kh6 97. Kf7 Bb6 98. Rxg6+ Kh5 99. Rg8 Kxh4 100. Kf6 Ba5 101. Rg2 Kh3 102. Re2 Bb6 103. Kf5 Kg3 104. Ke4 Bc5 105. Ra2 Bb6 106. Rc2 Kg4 107. Rg2+ Kh5 108. Kf5 Kh6 109. Rg6+ Kh7 110. Rg4 Kh6 111. Rg2 Bd4 112. Rg8 Bb6 113. Rg4 Kh5 114. Re4 Kh6 115. Re8 Kg7 116. Re4 Kf7 117. Re6 Bc5 118. Re4 Bb6 119. Re5 Kg7 120. Re7+ Kh6 121. Re6+ Kg7 122. Re7+ Kh6 123. Kf4 Kg6 124. Re6+ Kf7 125. Kf5 Kg7 126. Re7+ Kh6 127. Re6+ Kg7 128. Re7+ Kh6 1/2-1/2

[Event "FIDE Grand Swiss"]
[Site "Douglas"]
[Date "2023.11.03"]
[Round "9"]
[White "Bacrot, Etienne"]
[Black "Predke, Alexandr"]
[Result "1/2-1/2"]
[WhiteElo "2669"]
[BlackElo "2656"]
[PlyCount "50"]
[EventDate "2023.10.25"]
[EventType "swiss"]
[EventRounds "11"]
[EventCountry "IOM"]
[SourceTitle "Mega2024 Update 01"]
[Source "Chessbase"]
[SourceDate "2023.11.12"]
[SourceVersion "1"]
[SourceVersionDate "2023.11.12"]
[SourceQuality "1"]

1. e4 c5 2. Nf3 e6 3. d4 cxd4 4. Nxd4 Nf6 5. Nc3 Nc6 6. Ndb5 d6 7. Bf4 e5 8. Bg5 a6 9. Na3 b5 10. Nd5 Be7 11. Bxf6 Bxf6 12. c3 0-0 13. Nc2 Bg5 14. a4 bxa4 15. Rxa4 Kh8 16. Bc4 f5 17. exf5 Bxf5 18. 0-0 a5 19. b3 Rb8 20. Ra2 Qd7 21. Qe2 Bg4 22. Qe4 Bf5 23. Qe2 Bg4 24. Qe4 Bf5 25. Qe2 Bg4 1/2-1/2